Beautiful Because of Your Heart: (Record no. 207530)

MARC details
000 -LEADER
fixed length control field 00537nam a22001697a 4500
005 - DATE AND TIME OF LATEST TRANSACTION
control field 20250228130135.0
010 ## - LCCN (DPL NO)
LC control number ENG-142924
020 ## - INTERNATIONAL STANDARD BOOK NUMBER
International Standard Book Number 9788184620924
Terms of availability 1200.00
035 ## - SYSTEM CONTROL NUMBER
System control number EN-126456
037 ## - SOURCE OF ACQUISITION
Source of stock number/acquisition DBAD
082 ## - DEWEY DECIMAL CLASSIFICATION NUMBER
Classification number 954.7923
Edition number 1
100 ## - MAIN ENTRY--PERSONAL NAME
Personal name Desjonqueres, Veronique
245 ## - TITLE STATEMENT
Title Beautiful Because of Your Heart:
Statement of responsibility, etc By Veronique Desjonqueres
Remainder of title Rencontres Avec Bombay 2010-2013/
260 ## - PUBLICATION, DISTRIBUTION, ETC. (IMPRINT)
Name of publisher, distributor, etc Vakils Feffer & Simons Pvt. Ltd
300 ## - PHYSICAL DESCRIPTION
Extent 322p.
Dimensions 21cm.(pb)
Other physical details Col.ill.
942 ## - ADDED ENTRY ELEMENTS (KOHA)
Source of classification or shelving scheme Dewey Decimal Classification
Item type English Books
Classification part 954.7923
Call number suffix DES
Holdings
Withdrawn status Lost status Not for loan Collection code Home library Current library Date acquired Source of acquisition Cost, normal purchase price Full call number Barcode Copy number Cost, replacement price Koha item type
      Non-fiction R.K.Puram-8 R.K.Puram-8 10/12/2024 Delivery of Books Division 1500.00 954.7923 DES EN-126456 1 1500.00 English Books

© Delhi Public Library
Hit Counter
free hit counter